Fifa 08 Player Overall 85+ - Statistiken

Allgemein
  • Dieses Quiz wurde 62 mal gespielt
  • Das Durchschnittsergebnis liegt bei 47 aus 112
Antwortstatistiken
Overall Verein Position Nationalität Alter Antwort % Korrekt
91 Manchester United RW Portugal 22 Cristiano Ronaldo
100%
91 Juventus Turin GK Italien 29 Gianluigi Buffon
98%
88 FC Bayern München RM Frankreich 24 Franck Ribery
96%
91 FC Barcelona CAM Brasilien 27 Ronaldinho
96%
91 FC Barcelona ST Frankreich 29 Thierry Henry
96%
90 AC Milan CAM Brasilien 25 Kaka
94%
89 FC Barcelona ST Kamerun 26 Samuel Eto'o
92%
89 Valencia CF ST Spanien 25 David Villa
90%
90 FC Chelsea CB England 26 John Terry
90%
89 FC Liverpool CM England 27 Steven Gerrard
90%
90 Manchester United CF England 21 Wayne Rooney
90%
88 FC Chelsea ST Elfenbeinküste 29 Didier Drogba
88%
87 FC Liverpool ST Spanien 23 Fernando Torres
88%
89 Real Madrid GK Spanien 26 Iker Casillas
88%
86 FC Barcelona RF Argentinien 20 Lionel Messi
88%
89 FC Chelsea GK Tschechien 25 Petr Cech
88%
88 AS Roma CF Italien 30 Francesco Totti
85%
86 Real Madrid LW Niederlande 23 Arjen Robben
83%
88 FC Bayern München CB Brasilien 29 Lucio
83%
88 FC Barcelona CB Spanien 29 Carles Puyol
81%
88 FC Arsenal CM Spanien 20 Cesc Fabregas
79%
88 SV Werder Bremen CAM Brasilien 22 Diego
79%
85 FC Bayern München LWB Deutschland 23 Philipp Lahm
79%
89 FC Bayern München LM Brasilien 32 Ze Roberto
79%
87 Inter Mailand ST Schweden 25 Zlatan Ibrahimovic
77%
85 FC Chelsea CAM England 29 Frank Lampard
75%
87 FC Bayern München GK Deutschland 38 Oliver Kahn
75%
87 Inter Mailand RW Portugal 34 Luis Figo
73%
88 Manchester United CB England 28 Rio Ferdinand
73%
91 AC Milan CB Italien 31 Alessandro Nesta
71%
87 SV Werder Bremen CB Deutschland 22 Per Mertesacker
71%
88 AC Milan CM Italien 28 Andrea Pirlo
69%
88 FC Chelsea CM Ghana 24 Michael Essien
69%
86 FC Bayern München ST Deutschland 29 Mirsolav Klose
69%
86 Real Madrid RB Spanien 21 Sergio Ramos
69%
88 Juventus Turin ST Frankreich 29 David Trezeguet
67%
86 FC Bayern München ST Italien 30 Luca Toni
67%
86 Real Madrid CB Italien 33 Fabio Cannavaro
65%
86 FC Barcelona CM Spanien 27 Xavi
65%
85 Valencia CF LM Spanien 21 David Silva
63%
88 Manchester United CF Argentinien 23 Carlos Tevez
60%
86 Manchester United LM Wales 33 Ryan Giggs
60%
86 FC Chelsea RW England 25 Joe Cole
56%
86 SV Werder Bremen CDM Deutschland 30 Torsten Frings
56%
88 Bayer 04 Leverkusen RM Deutschland 33 Bernd Schneider
54%
88 FC Schalke 04 CB Brasilien 31 Marcelo Bordon
54%
86 Real Madrid LF Brasilien 23 Robinho
54%
86 FC Arsenal CF Niederlande 23 Robin van Persie
52%
85 FC Arsenal CAM Tschechien 26 Tomas Rosicky
52%
85 Tottenham Hotspur ST Bulgarien 26 Dimitar Berbatov
50%
85 Manchester United GK Niederlande 36 Edwin van der Sar
50%
87 Juventus Turin CF Italien 32 Alessandro del Piero
48%
86 FC Arsenal CB Elfenbeinküste 26 Kolo Toure
48%
85 Hamburger SV CAM Niederlande 24 Rafael van der Vaart
48%
86 FC Porto RW Portugal 23 Ricardo Quaresma
48%
85 FC Barcelona CAM Brasilien 29 Deco
44%
86 FC Sao Paulo ST Brasilien 25 Adriano
33%
86 FC Chelsea CB Brasilien 25 Alex
33%
86 Juventus Turin RM Italien 30 Mauro Camoranesi
33%
85 Juventus Turin CAM Tschechien 34 Pavel Nedved
33%
85 FC Bayern München RWB Frankreich 29 Willy Sagnol
33%
85 Manchester United CAM England 32 Paul Scholes
31%
89 Olympique Lyon CB Brasilien 30 Cris
29%
88 FC Liverpool CB England 29 Jamie Carragher
29%
85 Olympique Lyon GK Frankreich 34 Gregory Coupet
27%
87 FC Arsenal ST Togo 23 Emmanuel Adebayor
25%
85 FC Barcelona RB Italien 30 Gianluca Zambrotta
25%
88 Inter Mailand CB Italien 33 Marco Materazzi
25%
85 Manchester United CB Serbien 25 Nemanja Vidic
25%
87 FC Chelsea LW Frankreich 27 Florent Malouda
21%
87 Boca Juniors CAM Argentinien 29 Juan Riquelme
21%
86 FC Barcelona CB Argentinien 26 Gabriel Milito
19%
85 ZSKA Moskau GK Russland 21 Igor Akinfeev
19%
86 Inter Mailand RWB Argentinien 33 Javier Zanetti
19%
85 FC Barcelona CB Mexiko 28 Rafael Marquez
17%
85 Sevilla FC RB Brasilien 24 Dani Alves
15%
86 FC Chelsea CB Portugal 29 Ricardo Carvalho
15%
85 Inter Mailand ST Argentinien 31 Hernan Crespo
13%
85 Inter Mailand CB Argentinien 29 Walter Samuel
10%
85 Sevilla FC ST Brasilien 26 Luis Fabiano
8%
85 Paris Saint-Germain ST Portugal 34 Pauleta
8%
85 Tottenham Hotspur ST England 23 Darren Bent
6%
85 Sevilla FC RW Spanien 21 Jesus Navas
6%
85 Inter Mailand CDM Frankreich 31 Patrick Vieira
6%
85 Olympique Marseille CAM Frankreich 20 Samir Nasri
6%
85 Sevilla FC GK Spanien 33 Andres Palop
4%
85 VFB Stuttgart CB Portugal 29 Fernando Meira
4%
88 Valencia CF RW Spanien 25 Joaquin
4%
86 AC Milan CB Georgien 29 Kacha Kaladze
4%
86 Celtic Glasgow CAM Japan 29 Shunsuke Nakamura
4%
85 FC Arsenal CB Frankreich 29 William Gallas
4%
85 AC MIlan ST Italien 24 Alberto Gilardino
2%
86 Blackburn Rovers ST Südafrika 29 Benni McCarthy
2%
85 RCD Espanyol CM Spanien 31 Ivan de la Pena
2%
85 Celtic Glasgow ST Niederlande 28 Jan Vennegoor of Hesselink
2%
85 Paris Saint-Germain LW Frankreich 29 Jerome Rothen
2%
85 Toulouse FC CF Schweden 26 Johan Elmander
2%
86 Rangers FC ST Schottland 23 Kris Boyd
2%
85 FC Porto CM Argentinien 26 Luis Gonzalez
2%
85 Celtic Glasgow ST Polen 30 Maciej Zurawski
2%
85 Blackburn Rovers LM Norwegen 25 Morten Pedersen
2%
85 Real Zaragoza CAM Argentinien 27 Pablo Aimar
2%
85 Real Madrid ST Niederlande 30 Ruud van Nistlerooy
2%
85 Valencia CF GK Spanien 37 Santiago Canizares
2%
86 Celtic Glasgow CM Schottland 22 Scott Brown
2%
85 Rangers FC CF Schottland 20 Steven Naismith
2%
86 Valencia CF LW Spanien 25 Vicente Rodriguez
2%
86 FC Turin CF Uruguay 31 Alvaro Recoba
0%
85 FC Everton ST Engalnd 26 Andrew Johnson
0%
85 Parma Calcio ST Italien 31 Cristiano Lucarelli
0%
85 Paris Saint-Germain CB Kolumbien 31 Mario Yepes
0%
85 Celtic Glasgow CB Schottland 24 Stephen McManus
0%
Keine übereinstimmenden Quizze gefunden
Verteilung der Resultate
Anzahl Personen mit jedem Resultat
Perzentil nach korrekt beantworteten Fragen
Ihre Resultats-Entwicklung
Sie haben dieses Quiz noch nicht gespielt